000 00526nam a2200145 i 4500
001 40676
003 ES-MaACL
007 t|
008 030306s1967 sp ||||1| spa d
100 1 _aCarrera y del Castillo, Nicolás de la.
_935646
245 1 0 _aOposiciones Escuela General de Policía
_b: apuntes sobre los temas del ejercicio oral : (derecho penal y procesal penal) /
_cNicolás de la Carrera y del Castillo.
260 _aMadrid :
_b[s.n.],
_c1967.
300 _a174 p. ;
_c24 cm.
852 _aES-MaACL
_jB-8571
_bR.66199
999 _c40676
_d40676